Statistics for Finnish municipalities / Suomen kunnat

Click here to take the quiz!

General Stats

  • This quiz has been taken 2,217 times
  • The average score is 120 of 310

Answer Stats

NamePopulation% Correct
Helsinki655 395
98%
Espoo291 086
95%
Oulu205 750
95%
Tampere238 671
95%
Turku192 794
95%
Vantaa235 768
94%
Rovaniemi63 010
90%
Jyväskylä142 282
89%
Pori83 790
88%
Kuopio119 076
87%
Vaasa67 012
87%
Joensuu76 453
85%
Lahti119 884
85%
Kouvola81 808
83%
Lappeenranta72 266
80%
Kotka51 889
79%
Hämeenlinna67 713
78%
Ii9 848
78%
Seinäjoki63 913
77%
Kemi20 586
76%
Mikkeli53 028
75%
Porvoo50 590
75%
Kokkola47 792
74%
Rauma39 015
74%
Tornio21 614
72%
Kajaani36 597
70%
Maarianhamina11 746
68%
Salo51 778
68%
Hanko8 182
67%
Savonlinna32 913
67%
Imatra26 361
66%
Inari6 866
66%
Kuusamo15 134
66%
Järvenpää44 019
64%
Hyvinkää46 612
63%
Kerava37 051
63%
Hamina20 048
62%
Naantali19 373
62%
Iisalmi21 350
60%
Lohja45 982
60%
Nokia34 294
60%
Riihimäki28 819
60%
Utsjoki1 206
59%
Kauniainen9 867
58%
Forssa16 864
57%
Kirkkonummi39 983
56%
Kittilä6 392
55%
Pietarsaari19 198
55%
Raahe24 577
55%
Kaarina34 294
54%
Nurmijärvi43 313
54%
Uusikaupunki15 470
54%
Enontekiö1 849
53%
Heinola18 552
53%
Jämsä20 120
53%
Sipoo21 488
53%
Sodankylä8 310
53%
Tuusula38 769
53%
Varkaus20 392
53%
Ylivieska15 312
53%
Akaa16 481
52%
Lapua14 331
51%
Lempäälä23 697
51%
Loviisa14 754
51%
Kalajoki12 413
50%
Kemijärvi7 302
50%
Raisio24 263
50%
Ylöjärvi33 236
50%
Kangasala32 091
49%
Karkkila8 718
49%
Muonio2 296
49%
Salla3 403
49%
Sastamala24 139
49%
Vihti29 235
49%
Kempele18 636
48%
Raasepori27 597
48%
Äänekoski18 679
47%
Kuhmo8 148
47%
Lieksa10 845
47%
Mäntsälä20 739
47%
Orimattila15 992
47%
Orivesi9 101
47%
Sotkamo10 326
47%
Eura11 608
46%
Keuruu9 520
46%
Kristiinankaupunki6 485
46%
Alavus11 416
45%
Hollola23 400
45%
Kauhava15 701
45%
Valkeakoski20 892
45%
Loimaa15 834
44%
Ähtäri5 576
43%
Kitee10 057
43%
Kolari3 867
43%
Siilinjärvi21 428
43%
Pieksämäki17 605
42%
Ranua3 743
42%
Alajärvi9 506
41%
Nurmes9 504
41%
Pirkkala19 764
41%
Ylitornio3 905
41%
Kauhajoki13 172
40%
Närpiö9 540
40%
Parainen15 094
40%
Parkano6 388
40%
Pello3 330
40%
Virrat6 536
40%
Eurajoki9 399
39%
Ilomantsi4 804
39%
Inkoo5 380
39%
Oulainen7 283
39%
Haapavesi6 753
38%
Kankaanpää11 234
38%
Nakkila5 303
38%
Pudasjärvi7 829
38%
Suomussalmi7 649
38%
Uusikaarlepyy7 496
38%
Alavieska2 522
37%
Aura3 931
37%
Haapajärvi6 992
37%
Huittinen10 029
37%
Ikaalinen6 894
37%
Juva6 030
37%
Kurikka20 550
37%
Lieto20 062
37%
Outokumpu6 607
37%
Pihtipudas4 007
37%
Ulvila12 855
37%
Asikkala8 046
36%
Hailuoto959
36%
Ilmajoki12 334
36%
Laukaa18 884
36%
Liminka10 258
36%
Muurame10 199
36%
Pornainen5 051
36%
Saarijärvi9 268
36%
Simo2 979
36%
Suonenjoki7 018
36%
Viitasaari6 136
36%
Eckerö966
35%
Hämeenkyrö10 415
35%
Keminmaa8 062
35%
Kontiolahti14 812
35%
Masku9 542
35%
Nivala10 622
35%
Pyhäjärvi5 090
35%
Siuntio6 171
35%
Mänttä-Vilppula9 813
34%
Muhos8 942
34%
Parikkala4 707
34%
Hattula9 419
33%
Iitti6 710
33%
Janakkala16 354
33%
Kaustinen4 262
33%
Lapinlahti9 420
33%
Mustasaari19 446
33%
Posio3 167
33%
Puolanka2 529
33%
Savukoski1 008
33%
Humppila2 185
32%
Kiuruvesi7 940
32%
Koski T.L.2 301
32%
Laihia8 025
32%
Loppi7 861
32%
Merikarvia3 066
32%
Paimio10 902
32%
Tervo1 518
32%
Vaala2 785
32%
Askola4 937
31%
Harjavalta6 948
31%
Heinävesi3 241
31%
Joutsa4 353
31%
Kannus5 433
31%
Kuortane3 546
31%
Laitila8 545
31%
Mäntyharju5 765
31%
Mynämäki7 643
31%
Pyhäjoki3 082
31%
Somero8 688
31%
Vimpeli2 812
31%
Kaskinen1 275
30%
Kemiönsaari6 658
30%
Lappajärvi2 967
30%
Liperi12 070
30%
Ruovesi4 265
30%
Siikajoki5 095
30%
Taivalkoski3 945
30%
Virolahti3 096
30%
Evijärvi2 424
29%
Hartola2 680
29%
Jokioinen5 087
29%
Juuka4 574
29%
Karvia2 331
29%
Kokemäki7 104
29%
Pedersöre11 141
29%
Puumala2 126
29%
Säkylä6 705
29%
Sysmä3 648
29%
Jomala5 294
28%
Joroinen4 738
28%
Juupajoki1 827
28%
Kyyjärvi1 314
28%
Leppävirta9 451
28%
Padasjoki2 884
28%
Paltamo3 268
28%
Pelkosenniemi947
28%
Sottunga87
28%
Tervola3 003
28%
Tyrnävä6 599
28%
Urjala4 675
28%
Hankasalmi4 818
27%
Isokyrö4 486
27%
Karstula3 921
27%
Kustavi942
27%
Lemi2 974
27%
Luumäki4 562
27%
Pielavesi4 377
27%
Pomarkku2 064
27%
Pyhtää5 182
27%
Tammela6 035
27%
Ypäjä2 325
27%
Hausjärvi8 226
26%
Hyrynsalmi2 238
26%
Kuhmoinen2 195
26%
Lumijoki2 036
26%
Myrskylä1 870
26%
Ristijärvi1 251
26%
Siikalatva5 222
26%
Sonkajärvi3 872
26%
Tohmajärvi4 360
26%
Veteli3 113
26%
Isojoki1 939
25%
Kärsämäki2 578
25%
Kruunupyy6 442
25%
Luoto5 519
25%
Maalahti5 488
25%
Miehikkälä1 846
25%
Nousiainen4 710
25%
Oripää1 345
25%
Pälkäne6 446
25%
Perho2 730
25%
Rautjärvi3 186
25%
Ruokolahti5 000
25%
Sievi4 889
25%
Teuva5 043
25%
Vesilahti4 370
25%
Geta509
24%
Halsua1 115
24%
Hirvensalmi2 128
24%
Kangasniemi5 335
24%
Keitele2 171
24%
Kihniö1 854
24%
Kivijärvi1 100
24%
Lapinjärvi2 623
24%
Lestijärvi717
24%
Luhanka690
24%
Punkalaidun2 854
24%
Pyhäntä1 582
24%
Rantasalmi3 406
24%
Rautalampi3 119
24%
Reisjärvi2 720
24%
Rusko6 324
24%
Savitaipale3 368
24%
Sulkava2 474
24%
Utajärvi2 643
24%
Uurainen3 677
24%
Vieremä3 536
24%
Enonkoski1 382
23%
Föglö526
23%
Lumparland363
23%
Pertunmaa1 691
23%
Pukkila1 843
23%
Sauvo2 935
23%
Toivakka2 401
23%
Vehmaa2 316
23%
Vöyri6 434
23%
Jämijärvi1 727
22%
Kinnula1 623
22%
Kumlinge311
22%
Multia1 577
22%
Pöytyä8 276
22%
Pyhäranta1 998
22%
Rautavaara1 584
22%
Taipalsaari4 680
22%
Brändö442
21%
Karijoki1 229
21%
Kärkölä4 360
21%
Kökar221
21%
Konnevesi2 623
21%
Marttila2 027
21%
Merijärvi1 083
21%
Petäjävesi3 820
21%
Polvijärvi4 247
21%
Siikainen1 431
21%
Taivassalo1 660
21%
Toholampi3 035
21%
Korsnäs2 077
20%
Rääkkylä2 100
20%
Soini2 045
20%
Tuusniemi2 469
20%
Finström2 599
19%
Kaavi2 836
19%
Kannonkoski1 324
19%
Sund1 008
19%
Hammarland1 574
18%
Lemland2 090
18%
Vesanto1 994
18%
Honkajoki1 598
16%
Vårdö450
16%
Saltvik1 842
15%

Score Distribution

Percentile by Number Answered

Percent of People with Each Score

Your Score History

You have not taken this quiz